Vedecké časopisy a ročenky Slovenskej akadémie vied

Bibliographic Details
Main Authors: Sedliaková, Alžbeta, 1952- (Author), Horváthová, Marcelacom (Author)
Format: Article
Language:Slovak
ISSN:0018-2575
Subjects:

MARC

LEADER 00000nab a2200000 a 4500
001 vtls000633306
003 SK-MaSNL
005 20260304085435.0
008 250425c1997 xo 0 slo
015 |a SNBRB19rr/mm-uuuuu 
035 |a CL0633445 
035 |a (urnnbn)urn:nbn:sk:snk:ar-004rwx 
035 |a (uuid)6ee9b65b-0d67-4bbe-81a4-716a66bd2e56 
035 |a urn:nbn:sk:snk-ab7wru 
040 |a SNKBUCL  |b slo  |c SNKBUCL  |e AACR2 
041 0 |a slo 
044 |a xo  |c SK 
080 |a 061.12(437.6)SAV:05(437.6)(01)(048)  |2 1981 
080 |a 05(437.6)(01)(048)  |2 1981 
100 1 |a Sedliaková, Alžbeta,  |d 1952-  |4 aut  |9 229684 
245 1 0 |a Vedecké časopisy a ročenky Slovenskej akadémie vied  |c Alžbeta Sedliaková 
610 2 7 |a Slovenská akadémia vied a umení  |2 snkbucl  |9 32421 
655 7 |a články z novín a časopisov  |2 snkbucl  |9 267496 
700 1 |a Horváthová, Marcelacom  |4 aut  |9 1378886 
773 0 |t Historický časopis  |g Roč. 45, č. 2 (1997), s. 364  |x 0018-2575 
787 0 8 |i Rec.:  |a Horváthová, Marcela  |t Vedecké časopisy a ročenky Slovenskej akadémie vied  |d Bratislava : Odbor pre vzťahy s verejnosťou SAV, 1996 
850 |a Slovenská národná knižnica 
852 |a Slovenská národná knižnica 
954 |a odborná, vedecká literatúra pôvodná (slovenská)  |2 lita 
958 |a article9 
958 |a OND 
958 |a SK 
958 |a RK 
958 |a EUIPO 
992 |a RBX 
999 |c 2808043  |d 2809973